| 000 | 00684nam a22002297a 4500 | ||
|---|---|---|---|
| 005 | 20170124110027.0 | ||
| 010 | _aA-991601 | ||
| 020 |
_c00.00 _a8176481149 |
||
| 035 | _aA-991601 | ||
| 037 | _bCen Lib/Ret | ||
| 040 |
_aDPL _bEN |
||
| 082 |
_a561 _bPRA |
||
| 100 |
_aPrasad, K. N _920900 |
||
| 245 |
_aAn introduction to palaeobotany / _cby K. N. Prasad |
||
| 260 |
_aNew Delhi _bAPH Publishing Corporation _c1999 |
||
| 270 |
_a5, Ansari Road Daryganj _bNew Delhi _e110002 |
||
| 300 |
_a181p. : _c22cm(Hb) _bill |
||
| 500 | _aIncludes index and bibliography | ||
| 650 |
_aPaleobotany _920901 |
||
| 650 |
_aPlants, Fossil _920902 |
||
| 942 |
_2ddc _cEN _h561 _mPRA |
||
| 999 |
_c127577 _d127577 |
||